Länder mit den größten Volkswirtschaften - Statistiken

Allgemein
  • Dieses Quiz wurde 66.526 mal gespielt
    29.493 seit der letzten Aktualisierung
  • Das Durchschnittsergebnis liegt bei 18 aus 21
Antwortstatistiken
BIP in USD Land % Korrekt
33.0 Bio. China
100%
26.9 Bio. Vereinigte Staaten
100%
5.55 Bio. Deutschland
99%
3.87 Bio. Frankreich
97%
4.99 Bio. Russland
96%
13.0 Bio. Indien
95%
6.46 Bio. Japan
95%
2.36 Bio. Spanien
93%
4.02 Bio. Brasilien
92%
2.39 Bio. Kanada
92%
3.20 Bio. Italien
91%
3.85 Bio. Vereinigtes Königreich
89%
3.13 Bio. Mexiko
87%
1.72 Bio. Australien
84%
2.92 Bio. Südkorea
76%
1.71 Bio. Polen
74%
2.30 Bio. Saudi-Arabien
72%
3.57 Bio. Türkei
69%
4.40 Bio. Indonesien
67%
1.80 Bio. Ägypten
61%
1.71 Bio. Taiwan
37%
Keine übereinstimmenden Quizze gefunden
Verteilung der Resultate
Anzahl Personen mit jedem Resultat
Perzentil nach korrekt beantworteten Fragen
Ihre Resultats-Entwicklung
Sie haben dieses Quiz seit der letzten Aktualisierung nicht gespielt